Harry Potter: le Sortilège de Dévérouillage - Statistiques

Statistiques générales
  • Ce quiz a été pris 47 fois
  • Le résultat moyen est 5 sur 6
Statistiques - réponses
Information Réponses % Correct
Formule Alohomora
100%
Première apparition Harry Potter à l'école des sorciers
97%
Effet Ouvre n'importe quel verrou
97%
Dernière apparition Harry Potter et les Reliques de la Mort
89%
Type de sort Enchantement
73%
Surnom L'Ami des Voleurs
11%
Aucun quiz correspondant
Distribution des résultats
% des personnes avec chaque résultat
Percentile par nombre de réponses
Votre historique - résultats
Vous n’avez pas pris ce quiz